[Event "Warsaw YMCA Summer-A 63rd"]
[Site "Warsaw"]
[Date "2009.07.31"]
[Round "5"]
[White "Przybyla, Kamil"]
[Black "Olejarczyk, Bogdan"]
[Result "1-0"]
[WhiteElo "2144"]
[BlackElo "2159"]
[PlyCount "109"]
[EventDate "2009.07.02"]
[EventType "tourn"]
[EventRounds "9"]
[EventCountry "POL"]
[SourceTitle "EXT 2011"]
[Source "ChessBase"]
[SourceDate "2010.11.26"]
[SourceVersion "1"]
[SourceVersionDate "2010.11.26"]
[SourceQuality "1"]

1. d3 d5 2. Nf3 Bf5 3. Nbd2 Nf6 4. c3 e6 5. Qc2 Be7 6. e4 Bg6 7. Be2 0-0 8. Ne5 Nbd7 9. Nxg6 hxg6 10. 0-0 e5 11. exd5 Nxd5 12. Bf3 c6 13. Nc4 Qc7 14. Re1 Rfe8 15. b4 Rad8 16. Bb2 Bf8 17. Rad1 N7f6 18. g3 b5 19. Ne3 Nxe3 20. Rxe3 c5 21. bxc5 Bxc5 22. Re2 Rd7 23. d4 Bd6 24. a4 exd4 25. Rxe8+ Nxe8 26. axb5 dxc3 27. Qxc3 Qxc3 28. Bxc3 Re7 29. Bc6 Bc5 30. Rd8 Kf8 31. Rd5 Ba3 32. Bd4 f5 33. Rd7 Nc7 34. Rd8+ Kf7 35. Rd7 Rxd7 36. Bxd7 Ke7 37. Bc6 a5 38. Bb6 Ne6 39. Bxa5 Nd4 40. Bc7 Nxc6 41. bxc6 g5 42. g4 g6 43. Be5 Bc1 44. gxf5 gxf5 45. f4 Be3+ 46. Kg2 g4 47. Kg3 Bg1 48. h4 gxh3 49. Kxh3 Bf2 50. Kg2 Be1 51. Kf3 Ba5 52. Ke3 Bb6+ 53. Kd3 Ke6 54. Kc4 Be3 55. Kb5 1-0

[Event "Warsaw YMCA Summer-A 63rd"]
[Site "Warsaw"]
[Date "2009.07.17"]
[Round "3"]
[White "Przybyla, Kamil"]
[Black "Alvarado, Carlos"]
[Result "1/2-1/2"]
[WhiteElo "2144"]
[BlackElo "2175"]
[PlyCount "92"]
[EventDate "2009.07.02"]
[EventType "tourn"]
[EventRounds "9"]
[EventCountry "POL"]
[SourceTitle "EXT 2011"]
[Source "ChessBase"]
[SourceDate "2010.11.26"]
[SourceVersion "1"]
[SourceVersionDate "2010.11.26"]
[SourceQuality "1"]

1. e3 d5 2. c4 e6 3. b3 Nf6 4. Bb2 Nbd7 5. g3 b6 6. Bg2 Bb7 7. Ne2 Be7 8. 0-0 0-0 9. Nbc3 c6 10. Qc2 Rc8 11. f4 Ba6 12. Nd4 b5 13. d3 Qb6 14. Kh1 Bc5 15. Nf3 bxc4 16. bxc4 Bxe3 17. Rae1 Bc5 18. Na4 Qa5 19. Nxc5 Qxc5 20. Qa4 Qb6 21. Rb1 dxc4 22. Bxf6 Bb5 23. Qd1 Nxf6 24. dxc4 Ng4 25. Qe1 Ne3 26. Rf2 Nxc4 27. a4 Rfd8 28. axb5 cxb5 29. Ne5 Ne3 30. Be4 g6 31. Re2 Nf5 32. Qf2 Nd4 33. Rd2 Rd6 34. Rbd1 Rcd8 35. Nf3 f5 36. Nxd4 fxe4 37. Qe3 Qb7 38. Nxe6 Rxd2 39. Rxd2 Rxd2 40. Qxd2 e3+ 41. Qg2 e2 42. Qxb7 e1Q+ 43. Kg2 Qe2+ 44. Kg1 Qe1+ 45. Kg2 Qe2+ 46. Kg1 Qe1+ 1/2-1/2

[Event "Warsaw YMCA Summer-A 63rd"]
[Site "Warsaw"]
[Date "2009.07.10"]
[Round "2"]
[White "Borysiak, Boguslaw"]
[Black "Przybyla, Kamil"]
[Result "0-1"]
[WhiteElo "2182"]
[BlackElo "2144"]
[PlyCount "102"]
[EventDate "2009.07.02"]
[EventType "tourn"]
[EventRounds "9"]
[EventCountry "POL"]
[SourceTitle "EXT 2011"]
[Source "ChessBase"]
[SourceDate "2010.11.26"]
[SourceVersion "1"]
[SourceVersionDate "2010.11.26"]
[SourceQuality "1"]

1. d4 c6 2. Bf4 d5 3. Nc3 Nf6 4. Qd2 Bf5 5. f3 e6 6. g4 Bg6 7. h4 h5 8. g5 Ng8 9. e4 Bd6 10. Nge2 Ne7 11. 0-0-0 0-0 12. Bxd6 Qxd6 13. Nf4 Nd7 14. e5 Qc7 15. Bh3 Rfc8 16. Rhf1 b5 17. Qf2 b4 18. Nce2 c5 19. Nxg6 Nxg6 20. f4 cxd4 21. Nxd4 Nc5 22. Kb1 Ne4 23. Qe1 Rab8 24. Bg2 Nc3+ 25. bxc3 bxc3+ 26. Nb3 Qc5 27. Rd3 Nxh4 28. Bf3 Nf5 29. Bxh5 a5 30. Ka1 Nd4 31. Qc1 Nxb3+ 32. cxb3 a4 33. Qe3 axb3 34. Qxc5 Rxc5 35. Bd1 c2 36. Bxc2 bxc2 37. Rc1 Rcb5 38. Rb3 Rxb3 39. axb3 Rxb3 40. Rxc2 Rf3 41. g6 fxg6 42. Rc8+ Kh7 43. Re8 Rxf4 44. Rxe6 Re4 45. Re8 g5 46. e6 Kg6 47. e7 g4 48. Kb2 Kg5 49. Kc3 g3 50. Rd8 Rxe7 51. Rxd5+ Kf4 0-1

[Event "Warsaw op 04"]
[Site "Warsaw"]
[Date "2009.05.28"]
[Round "11"]
[White "Przybyla, Kamil"]
[Black "Moskwinski, Tadeusz"]
[Result "1/2-1/2"]
[WhiteElo "2144"]
[BlackElo "2214"]
[PlyCount "88"]
[EventDate "2009.04.07"]
[EventType "swiss"]
[EventRounds "11"]
[EventCountry "POL"]
[SourceTitle "EXT 2012"]
[Source "ChessBase"]
[SourceDate "2011.11.24"]
[SourceVersion "1"]
[SourceVersionDate "2011.11.24"]
[SourceQuality "1"]

1. d4 f5 2. Nf3 Nf6 3. c4 e6 4. Nc3 d5 5. Bg5 c6 6. e3 Bd6 7. Bf4 0-0 8. Bxd6 Qxd6 9. Ne5 Qe7 10. Be2 Bd7 11. 0-0 Be8 12. f4 Nbd7 13. Rb1 Ne4 14. Nxe4 fxe4 15. b4 Nxe5 16. dxe5 a5 17. b5 Qa3 18. Qb3 Qc5 19. bxc6 Bxc6 20. Qb6 Qa3 21. Bg4 Rae8 22. Qb3 Qc5 23. cxd5 Bxd5 24. Qb6 Qa3 25. Rf2 Kh8 26. Rc2 Rc8 27. Rbb2 Rc6 28. Rxc6 bxc6 29. Rc2 Qb4 30. Qxb4 axb4 31. Be2 Ra8 32. Bc4 g6 33. Bxd5 cxd5 34. g4 Ra3 35. Kf2 Kg7 36. h4 h5 37. g5 Kf7 38. Ke2 Ke7 39. Kd2 Kd7 40. Ke2 Ra6 41. Kd2 Rc6 42. Rxc6 Kxc6 43. Kc2 Kc5 44. Kd2 Kc6 1/2-1/2

[Event "Warsaw op 04"]
[Site "Warsaw"]
[Date "2009.04.28"]
[Round "3"]
[White "Sebastianiuk, Cezary"]
[Black "Przybyla, Kamil"]
[Result "1-0"]
[WhiteElo "2128"]
[BlackElo "2144"]
[PlyCount "79"]
[EventDate "2009.04.07"]
[EventType "swiss"]
[EventRounds "11"]
[EventCountry "POL"]
[SourceTitle "EXT 2012"]
[Source "ChessBase"]
[SourceDate "2011.11.24"]
[SourceVersion "1"]
[SourceVersionDate "2011.11.24"]
[SourceQuality "1"]

1. e4 e5 2. Nf3 Nc6 3. Bb5 a6 4. Ba4 Nf6 5. 0-0 Be7 6. Re1 b5 7. Bb3 d6 8. c3 0-0 9. h3 Na5 10. Bc2 c5 11. d4 Qc7 12. Nbd2 cxd4 13. cxd4 Nc6 14. Nf1 exd4 15. Bf4 Nd7 16. Rc1 Bf6 17. Bb1 Be5 18. Bg3 Bb7 19. Nxd4 Bxd4 20. Qxd4 Nde5 21. Qd1 Rfd8 22. Ne3 Qa5 23. Nf5 Nc4 24. Qg4 g6 25. Bh4 Kf8 26. Bf6 N6e5 27. Qg5 gxf5 28. exf5 Ke8 29. b3 Qd2 30. bxc4 Qxg5 31. Bxg5 Kd7 32. Bxd8 Rxd8 33. cxb5 axb5 34. f4 Nc4 35. f6 Bd5 36. Re7+ Kc6 37. a4 bxa4 38. Be4 Bxe4 39. Rxc4+ Kb5 40. Rcxe4 1-0

[Event "Warsaw YMCA Autumn 52nd"]
[Site "Warsaw"]
[Date "2008.10.17"]
[Round "2"]
[White "Przybyla, Kamil"]
[Black "Bielinski, Leszek"]
[Result "0-1"]
[WhiteElo "2184"]
[BlackElo "2128"]
[PlyCount "74"]
[EventDate "2008.10.07"]
[EventType "tourn"]
[EventRounds "13"]
[EventCountry "POL"]
[SourceTitle "EXT 2019"]
[Source "ChessBase"]
[SourceDate "2018.10.10"]
[SourceVersion "1"]
[SourceVersionDate "2018.10.10"]
[SourceQuality "1"]

1. d4 d5 2. Nc3 Bf5 3. Nf3 Nf6 4. Bg5 Nbd7 5. e3 h6 6. Bf4 e6 7. Ne5 Be7 8. g4 Bh7 9. h4 Ne4 10. g5 Nxc3 11. bxc3 Be4 12. Rh3 hxg5 13. hxg5 Rxh3 14. Bxh3 Nxe5 15. Bxe5 Bxg5 16. Qh5 g6 17. Qh7 Qe7 18. Qg8+ Qf8 19. Qxf8+ Kxf8 20. Kd2 c6 21. Rb1 b6 22. f3 Bxf3 23. Rf1 Be4 24. Bxe6 Ke7 25. Bg4 f6 26. Bg3 Rh8 27. Be2 Rh3 28. Rg1 b5 29. Bd3 a5 30. Bf2 Rh2 31. Ke1 a4 32. Bxe4 dxe4 33. Rg4 Rh1+ 34. Ke2 Ra1 35. Rxe4+ Kd7 36. Kd3 f5 37. Re5 Bf6 0-1

[Event "Warsaw YMCA Autumn 52nd"]
[Site "Warsaw"]
[Date "2008.10.10"]
[Round "1"]
[White "Janczarski, Michal"]
[Black "Przybyla, Kamil"]
[Result "1-0"]
[WhiteElo "2269"]
[BlackElo "2184"]
[PlyCount "67"]
[EventDate "2008.10.07"]
[EventType "tourn"]
[EventRounds "13"]
[EventCountry "POL"]
[SourceTitle "EXT 2019"]
[Source "ChessBase"]
[SourceDate "2018.10.10"]
[SourceVersion "1"]
[SourceVersionDate "2018.10.10"]
[SourceQuality "1"]

1. c4 Nf6 2. g3 g6 3. Bg2 Bg7 4. Nc3 0-0 5. e3 d6 6. Nge2 e5 7. b4 c6 8. b5 Be6 9. bxc6 bxc6 10. Qa4 Qc8 11. Ba3 Rd8 12. h4 h5 13. Rb1 d5 14. cxd5 Nxd5 15. 0-0 Nxc3 16. Nxc3 Rxd2 17. Ne4 Rxa2 18. Nd6 Qc7 19. Ne8 Qd7 20. Nxg7 Kxg7 21. Qa5 f6 22. Rfd1 Qe7 23. Bxe7 Rxa5 24. Rd8 Kf7 25. Bd6 Bd7 26. Bxb8 Ke7 27. Rh8 Ke6 28. Bh3+ f5 29. Bf1 f4 30. Bh3+ Kd5 31. Bxd7 Rb5 32. e4+ Kc4 33. Rxb5 cxb5 34. Be6+ 1-0

[Event "Warsaw City-ch"]
[Site "Warsaw"]
[Date "2008.10.05"]
[Round "9"]
[White "Nguyen, Piotr"]
[Black "Przybyla, Kamil"]
[Result "1-0"]
[WhiteElo "2327"]
[BlackElo "2184"]
[PlyCount "111"]
[EventDate "2008.09.27"]
[EventType "swiss"]
[EventRounds "9"]
[EventCountry "POL"]
[SourceTitle "EXT 2010"]
[Source "ChessBase"]
[SourceDate "2010.11.25"]
[SourceVersion "1"]
[SourceVersionDate "2010.11.25"]
[SourceQuality "1"]

1. Nf3 d5 2. c4 c6 3. g3 Nf6 4. Bg2 g6 5. b3 Bg7 6. Bb2 0-0 7. 0-0 Nbd7 8. Qc2 dxc4 9. bxc4 Nc5 10. d3 Bg4 11. Ne5 Be6 12. Nd2 Qc8 13. d4 Ncd7 14. f4 Nxe5 15. fxe5 Ng4 16. Rf3 c5 17. d5 Bf5 18. e4 Nxe5 19. exf5 Nxf3+ 20. Nxf3 Bxb2 21. Qxb2 Qxf5 22. Re1 Rfe8 23. h4 Qg4 24. Kh2 Qxc4 25. Ne5 Qd4 26. Qxb7 Qb4 27. Qxb4 cxb4 28. Nc6 a5 29. Nxe7+ Kf8 30. d6 Rad8 31. Bc6 Rxd6 32. Nxg6+ fxg6 33. Rxe8+ Kf7 34. Bb5 g5 35. hxg5 Kg6 36. Bc4 Rd4 37. Bg8 a4 38. Kh3 Kxg5 39. Bxh7 Rd2 40. Bg8 Rb2 41. Ra8 b3 42. Rxa4 bxa2 43. Ra5+ Kh6 44. Bxa2 Rd2 45. Kh4 Rd6 46. g4 Kg6 47. Bb1+ Kg7 48. Ra7+ Kh8 49. Bf5 Rd8 50. Kh5 Rf8 51. Kh6 Rf6+ 52. Bg6 Rf8 53. g5 Kg8 54. Rg7+ Kh8 55. Rh7+ Kg8 56. Bf7+ 1-0

[Event "Warsaw City-ch"]
[Site "Warsaw"]
[Date "2008.10.02"]
[Round "6"]
[White "Przybyla, Kamil"]
[Black "Adamski, Jan"]
[Result "1/2-1/2"]
[WhiteElo "2184"]
[BlackElo "2307"]
[PlyCount "48"]
[EventDate "2008.09.27"]
[EventType "swiss"]
[EventRounds "9"]
[EventCountry "POL"]
[SourceTitle "EXT 2010"]
[Source "ChessBase"]
[SourceDate "2010.11.25"]
[SourceVersion "1"]
[SourceVersionDate "2010.11.25"]
[SourceQuality "1"]

1. e4 c5 2. Nf3 e6 3. d4 cxd4 4. Nxd4 a6 5. Bd3 Nf6 6. 0-0 d6 7. f4 Nbd7 8. Qf3 g6 9. Nc3 Bg7 10. Be3 e5 11. Nb3 exf4 12. Qxf4 Ne5 13. Qh4 Be6 14. Kh1 h6 15. Nd4 Nfg4 16. Qg3 Nxe3 17. Nxe6 fxe6 18. Qxe3 Rf8 19. Rxf8+ Kxf8 20. Ne2 Kg8 21. Nd4 Qe7 22. Rf1 Rf8 23. Rxf8+ Kxf8 24. Nf3 Qf6 1/2-1/2

[Event "Warsaw City-ch"]
[Site "Warsaw"]
[Date "2008.09.29"]
[Round "3"]
[White "Przybyla, Kamil"]
[Black "Pietrzak, Wojciech"]
[Result "1-0"]
[WhiteElo "2184"]
[BlackElo "1912"]
[PlyCount "77"]
[EventDate "2008.09.27"]
[EventType "swiss"]
[EventRounds "9"]
[EventCountry "POL"]
[SourceTitle "EXT 2010"]
[Source "ChessBase"]
[SourceDate "2010.11.25"]
[SourceVersion "1"]
[SourceVersionDate "2010.11.25"]
[SourceQuality "1"]

1. d4 d5 2. c4 e6 3. Nc3 c5 4. cxd5 exd5 5. Nf3 Nc6 6. g3 Nf6 7. Bg2 Be6 8. 0-0 Be7 9. dxc5 Bxc5 10. Bg5 Be7 11. Nd4 0-0 12. Nxe6 fxe6 13. Bh3 Qd7 14. e4 d4 15. Qb3 Nd8 16. Rfd1 Bc5 17. e5 Nd5 18. Nxd5 Qxd5 19. Qxd5 exd5 20. Rac1 Bb6 21. Bg2 h6 22. Bxd5+ Kh8 23. Be7 Rf5 24. f4 Nc6 25. Bxc6 bxc6 26. Rxc6 Rb8 27. Kg2 Rb7 28. Bd6 g5 29. Kf3 gxf4 30. gxf4 Rh5 31. e6 Rh3+ 32. Ke4 Re3+ 33. Kf5 Kh7 34. Rc8 Rg7 35. Bc5 Bxc5 36. Rxc5 d3 37. Re5 Rf3 38. e7 Rf7+ 39. Ke6 1-0

[Event "Warsaw City-ch"]
[Site "Warsaw"]
[Date "2008.09.28"]
[Round "2"]
[White "Marszalek, Maciej"]
[Black "Przybyla, Kamil"]
[Result "1-0"]
[WhiteElo "2383"]
[BlackElo "2184"]
[PlyCount "105"]
[EventDate "2008.09.27"]
[EventType "swiss"]
[EventRounds "9"]
[EventCountry "POL"]
[SourceTitle "EXT 2010"]
[Source "ChessBase"]
[SourceDate "2010.11.25"]
[SourceVersion "1"]
[SourceVersionDate "2010.11.25"]
[SourceQuality "1"]

1. d4 d5 2. c4 e6 3. Nf3 Nf6 4. Nc3 Be7 5. Bg5 0-0 6. e3 Nbd7 7. Rc1 c6 8. a3 Ne4 9. Bxe7 Nxc3 10. Rxc3 Qxe7 11. Bd3 dxc4 12. Bxc4 e5 13. 0-0 e4 14. Nd2 Nb6 15. Qc2 Re8 16. Bb3 Bg4 17. Rc1 Be2 18. Nxe4 Qxe4 19. Qxe2 Qxd4 20. Qf3 Qd7 21. Rd1 Qc7 22. Rcd3 Re7 23. Rd4 Nd7 24. Bxf7+ Kh8 25. Bb3 Ne5 26. Qg3 Qb6 27. Rb4 Qa5 28. h3 Ng6 29. Rbd4 Rf8 30. Bc2 Re6 31. Rd6 Qc5 32. Bxg6 Rxg6 33. Rxg6 hxg6 34. Qxg6 Qe5 35. Rd4 Kg8 36. Re4 Qf5 37. Qxf5 Rxf5 38. Rd4 Rb5 39. Rd2 a5 40. Kf1 a4 41. Ke2 Kf7 42. Kd3 Ke6 43. f4 Rb3+ 44. Ke4 c5 45. g4 b5 46. f5+ Ke7 47. Re2 c4 48. g5 Rd3 49. h4 Rd1 50. Rh2 Rg1 51. Ke5 Rg3 52. Kf4 Rg1 53. h5 1-0

[Event "POL-chT 2nd League"]
[Site "Ustron"]
[Date "2008.09.11"]
[Round "5.17"]
[White "Przybyla, Kamil"]
[Black "Paszek, Krzysztof"]
[Result "1/2-1/2"]
[WhiteElo "2134"]
[BlackElo "2126"]
[PlyCount "81"]
[EventDate "2008.09.06"]
[EventType "team-swiss"]
[EventRounds "9"]
[EventCountry "POL"]
[SourceTitle "EXT 2015"]
[Source "ChessBase"]
[SourceDate "2014.11.20"]
[SourceVersion "1"]
[SourceVersionDate "2014.11.20"]
[SourceQuality "1"]
[WhiteTeam "Warszawa YMCA"]
[BlackTeam "Torun AZS UMK"]
[WhiteTeamCountry "POL"]
[BlackTeamCountry "POL"]

1. d4 Nf6 2. c4 g6 3. Nc3 Bg7 4. e4 d6 5. f3 0-0 6. Be3 e5 7. d5 Nh5 8. Qd2 f5 9. 0-0-0 Nd7 10. Bd3 Ndf6 11. Nge2 Qe7 12. Kb1 Kh8 13. h3 f4 14. Bf2 c5 15. a3 Bd7 16. Kc2 a6 17. Rb1 Rfb8 18. b4 b6 19. Rb2 Qd8 20. Rhb1 Ne8 21. Kd1 Nhf6 22. Rb3 g5 23. bxc5 bxc5 24. Qb2 Rc8 25. Rb7 Bf8 26. Bc2 Rc7 27. Ba4 Be7 28. Bxd7 Qxd7 29. Rxc7 Qxc7 30. Qb7 Qxb7 31. Rxb7 Bd8 32. Na4 Bc7 33. Be1 Nd7 34. Kc2 Kg7 35. Nc1 Kf8 36. Nb3 Ke7 37. Ba5 Kd8 38. Bxc7+ Nxc7 39. Na5 Ke8 40. Nb6 Nxb6 41. Rxb6 1/2-1/2

[Event "POL-chT 2nd League"]
[Site "Ustron"]
[Date "2008.09.08"]
[Round "3.35"]
[White "Przybyla, Kamil"]
[Black "Piechota, Pawel"]
[Result "1-0"]
[WhiteElo "2134"]
[BlackElo "1965"]
[PlyCount "113"]
[EventDate "2008.09.06"]
[EventType "team-swiss"]
[EventRounds "9"]
[EventCountry "POL"]
[SourceTitle "EXT 2015"]
[Source "ChessBase"]
[SourceDate "2014.11.20"]
[SourceVersion "1"]
[SourceVersionDate "2014.11.20"]
[SourceQuality "1"]
[WhiteTeam "Warszawa YMCA"]
[BlackTeam "Poznan Lech"]
[WhiteTeamCountry "POL"]
[BlackTeamCountry "POL"]

1. e4 e6 2. d3 d5 3. Nd2 Nf6 4. Ngf3 b6 5. g3 Bb7 6. e5 Nfd7 7. Bg2 c5 8. 0-0 Nc6 9. Re1 Qc7 10. Qe2 Be7 11. Nf1 h6 12. c3 Ba6 13. c4 d4 14. Bd2 Bb7 15. h4 g5 16. hxg5 hxg5 17. Nxg5 Bxg5 18. Bxg5 Ncxe5 19. f4 Nc6 20. Qg4 Ne7 21. Bh4 Rg8 22. Qh5 Bxg2 23. Rxe6 0-0-0 24. Rxe7 Qc6 25. Nd2 Bh3 26. Qf3 Qxf3 27. Nxf3 Bg4 28. Ng5 f6 29. Nf7 Rdf8 30. Nh6 Rg6 31. Nxg4 Rxg4 32. Rae1 Rfg8 33. Kf2 R4g7 34. Kf3 Ne5+ 35. fxe5 Rxe7 36. Bxf6 Rf8 37. Re4 Ree8 38. Kf4 Rf7 39. Kf5 Rh7 40. Rh4 Rb7 41. g4 b5 42. cxb5 Rxb5 43. Rh2 Kd7 44. g5 Kc6 45. g6 Kd5 46. b3 a5 47. g7 a4 48. Rh8 Rbb8 49. e6 axb3 50. axb3 Rbc8 51. e7 Rg8 52. Kg6 Ke6 53. Rh1 Rb8 54. Re1+ Kd7 55. Kf7 Rge8 56. Re5 Kd6 57. Rg5 1-0

[Event "POL-chT 2nd League"]
[Site "Ustron"]
[Date "2008.09.06"]
[Round "1.65"]
[White "Przybyla, Kamil"]
[Black "Grajdek, Jaroslaw"]
[Result "1-0"]
[WhiteElo "2134"]
[BlackElo "2092"]
[PlyCount "35"]
[EventDate "2008.09.06"]
[EventType "team-swiss"]
[EventRounds "9"]
[EventCountry "POL"]
[SourceTitle "EXT 2015"]
[Source "ChessBase"]
[SourceDate "2014.11.20"]
[SourceVersion "1"]
[SourceVersionDate "2014.11.20"]
[SourceQuality "1"]
[WhiteTeam "Warszawa YMCA"]
[BlackTeam "Prudnik LKS Zarzewie"]
[WhiteTeamCountry "POL"]
[BlackTeamCountry "POL"]

1. d4 Nf6 2. c4 e6 3. Nc3 d5 4. Nf3 c6 5. e3 Nbd7 6. Bd3 Bd6 7. e4 dxe4 8. Nxe4 Nxe4 9. Bxe4 f5 10. Bc2 0-0 11. 0-0 e5 12. c5 Bc7 13. Bb3+ Kh8 14. Ng5 exd4 15. Ne6 Bxh2+ 16. Kxh2 Qh4+ 17. Kg1 Nf6 18. Bg5 1-0

[Event "Warsaw Najdorf Memorial op-A"]
[Site "Warsaw"]
[Date "2008.08.08"]
[Round "7"]
[White "Bursa, Renata"]
[Black "Przybyla, Kamil"]
[Result "0-1"]
[WhiteElo "2065"]
[BlackElo "2134"]
[PlyCount "160"]
[EventDate "2008.08.02"]
[EventType "swiss"]
[EventRounds "9"]
[EventCountry "POL"]
[SourceTitle "CBM 125 Extra"]
[Source "ChessBase"]
[SourceDate "2008.09.01"]
[SourceVersion "1"]
[SourceVersionDate "2008.09.01"]
[SourceQuality "1"]

1. d4 Nf6 2. Nf3 e6 3. g3 b6 4. Bg2 Bb7 5. 0-0 Be7 6. c4 0-0 7. Nc3 Ne4 8. Bd2 Bf6 9. Qc2 Nxc3 10. Bxc3 d6 11. Ng5 Bxg5 12. Bxb7 Nd7 13. Bxa8 Qxa8 14. e4 h5 15. Qe2 g6 16. Rae1 h4 17. f4 Be7 18. f5 hxg3 19. hxg3 exf5 20. exf5 Bf6 21. fxg6 fxg6 22. Qe6+ Rf7 23. d5 Nf8 24. Qg4 Qd8 25. Kg2 Bxc3 26. Rxf7 Bxe1 27. Qf4 Nd7 28. Kf1 Bxg3 29. Rxd7 Qxd7 30. Qxg3 Qf5+ 31. Kg2 Qe4+ 32. Kf2 Qd4+ 33. Kg2 Qxb2+ 34. Kh3 Kg7 35. Qg4 Qc3+ 36. Kh2 Qd2+ 37. Kh3 Qd3+ 38. Kg2 Qf5 39. Qd4+ Kf7 40. Qh4 Qc2+ 41. Kg3 Qc3+ 42. Kg2 Qb2+ 43. Kg3 Qa3+ 44. Kg4 Qc3 45. Qf2+ Qf6 46. Qd2 Qf5+ 47. Kg3 Kf6 48. Qd1 Qe5+ 49. Kg2 Qe4+ 50. Kg3 Qxc4 51. Qa1+ Kf7 52. Qh1 Qd3+ 53. Kf2 Qf5+ 54. Ke3 g5 55. Qh5+ Ke7 56. Kd4 Qe5+ 57. Kc4 Qe4+ 58. Kb5 Qd3+ 59. Kc6 Qc4+ 60. Kb7 Qxd5+ 61. Kxa7 Qxa2+ 62. Kb7 Qd5+ 63. Kxc7 b5 64. Qg6 Qe5 65. Kc6 b4 66. Qh6 b3 67. Qh7+ Kf6 68. Qh6+ Kf5 69. Qh3+ g4 70. Qxb3 d5 71. Qb1+ Qe4 72. Qf1+ Kg5 73. Qc1+ Kh5 74. Qg1 d4+ 75. Kc5 d3 76. Qh2+ Kg5 77. Qd2+ Qf4 78. Qb2 Kh4 79. Kd5 d2 80. Kc5 Qc7+ 0-1

[Event "Warsaw Najdorf Memorial op-A"]
[Site "Warsaw"]
[Date "2008.08.03"]
[Round "2"]
[White "Staniszewski, Piotr"]
[Black "Przybyla, Kamil"]
[Result "1/2-1/2"]
[WhiteElo "2416"]
[BlackElo "2134"]
[PlyCount "76"]
[EventDate "2008.08.02"]
[EventType "swiss"]
[EventRounds "9"]
[EventCountry "POL"]
[SourceTitle "CBM 125 Extra"]
[Source "ChessBase"]
[SourceDate "2008.09.01"]
[SourceVersion "1"]
[SourceVersionDate "2008.09.01"]
[SourceQuality "1"]

1. d4 Nf6 2. c4 e6 3. g3 Bb4+ 4. Bd2 Qe7 5. Bg2 0-0 6. Nf3 Bxd2+ 7. Qxd2 d6 8. Nc3 e5 9. 0-0 Nc6 10. Nd5 Nxd5 11. cxd5 Nxd4 12. Nxd4 exd4 13. Rfe1 Re8 14. Qxd4 Qe5 15. Qxe5 Rxe5 16. Rac1 Re7 17. Rc4 Bf5 18. e3 Kf8 19. Rec1 Rc8 20. e4 b5 21. Rd4 Bd7 22. b4 Ke8 23. Bf1 Kd8 24. Rc3 Ra8 25. Ra3 Kc8 26. Ra5 a6 27. a4 Kb7 28. axb5 axb5 29. Rxa8 Kxa8 30. f4 Kb7 31. Kf2 Kb6 32. Ke3 f5 33. Bd3 fxe4 34. Rxe4 Rf7 35. Kd4 Bf5 36. Re8 Bxd3 37. Kxd3 c6 38. dxc6 Kxc6 1/2-1/2

[Event "Milanowek-chA 14th"]
[Site "Milanowek"]
[Date "2008.06.29"]
[Round "9.2"]
[White "Przybyla, Kamil"]
[Black "Sliwerski, Radoslaw"]
[Result "0-1"]
[WhiteElo "2145"]
[BlackElo "2210"]
[PlyCount "54"]
[EventDate "2008.06.21"]
[EventType "swiss"]
[EventRounds "7"]
[EventCountry "POL"]
[SourceTitle "EXT 2023"]
[Source "ChessBase"]
[SourceDate "2022.10.05"]
[SourceVersion "1"]
[SourceVersionDate "2022.10.05"]
[SourceQuality "1"]

1. Nf3 Nf6 2. g3 d5 3. Bg2 e6 4. 0-0 Be7 5. d3 0-0 6. Nbd2 Nbd7 7. e4 dxe4 8. dxe4 e5 9. Qe2 c6 10. Nc4 Qc7 11. Nh4 g6 12. Bh6 Re8 13. f4 b5 14. Ne3 Nc5 15. fxe5 Qxe5 16. Bf4 Qxb2 17. e5 Nfe4 18. Bxe4 Nxe4 19. Qf3 Nd2 20. Qxc6 Bh3 21. Nd5 Bxh4 22. Bxd2 Rac8 23. Qb7 Be7 24. Bc3 Rxc3 25. Nxe7+ Rxe7 26. Qxe7 Rf3 27. Rfd1 Rf1+ 0-1

[Event "Milanowek-chA 14th"]
[Site "Milanowek"]
[Date "2008.06.28"]
[Round "8.2"]
[White "Winski, Lukasz"]
[Black "Przybyla, Kamil"]
[Result "0-1"]
[WhiteElo "2045"]
[BlackElo "2145"]
[PlyCount "94"]
[EventDate "2008.06.21"]
[EventType "swiss"]
[EventRounds "7"]
[EventCountry "POL"]
[SourceTitle "EXT 2023"]
[Source "ChessBase"]
[SourceDate "2022.10.05"]
[SourceVersion "1"]
[SourceVersionDate "2022.10.05"]
[SourceQuality "1"]

1. e4 c5 2. c3 Nf6 3. e5 Nd5 4. Nf3 d6 5. d4 cxd4 6. cxd4 Nc6 7. exd6 Qxd6 8. Nc3 g6 9. Bc4 Nxc3 10. bxc3 Bg7 11. 0-0 0-0 12. a4 Qc7 13. Be2 Na5 14. Ba3 Bf6 15. c4 Be6 16. d5 Bxa1 17. Qxa1 Bg4 18. Qc3 b6 19. d6 exd6 20. Qf6 Qd8 21. Qf4 Be6 22. Bxd6 Re8 23. Ng5 f6 24. Nxe6 Rxe6 25. Bc7 Qe7 26. Bf3 Rc8 27. Bd5 Kg7 28. Bxe6 Qxc7 29. Qe4 Qe7 30. Re1 Rc5 31. Bd5 Qxe4 32. Rxe4 Rc7 33. g4 Nb3 34. h4 f5 35. Re3 Nc5 36. g5 h6 37. Ra3 hxg5 38. hxg5 a5 39. Re3 Kf8 40. Rh3 Kg7 41. Re3 Nxa4 42. Re6 Nc5 43. Rxb6 a4 44. Rb2 Ra7 45. Kf1 Nd3 46. Ra2 a3 47. c5 Nb4 0-1

[Event "Milanowek-chA 14th"]
[Site "Milanowek"]
[Date "2008.06.26"]
[Round "6.2"]
[White "Przybyla, Kamil"]
[Black "Nguyen, Piotr"]
[Result "1-0"]
[WhiteElo "2145"]
[BlackElo "2269"]
[PlyCount "97"]
[EventDate "2008.06.21"]
[EventType "swiss"]
[EventRounds "7"]
[EventCountry "POL"]
[SourceTitle "EXT 2023"]
[Source "ChessBase"]
[SourceDate "2022.10.05"]
[SourceVersion "1"]
[SourceVersionDate "2022.10.05"]
[SourceQuality "1"]

1. e4 d6 2. d4 Nf6 3. Nc3 g6 4. f4 Bg7 5. Nf3 0-0 6. Bd3 Na6 7. e5 Nd7 8. Ne4 c5 9. Neg5 Nc7 10. h4 cxd4 11. Nxh7 dxe5 12. Nxf8 Qxf8 13. h5 exf4 14. hxg6 fxg6 15. Bxg6 Qf6 16. Bh7+ Kf8 17. 0-0 Ke8 18. Qd3 Nf8 19. Be4 Bd7 20. Rd1 Nfe6 21. Bg6+ Kf8 22. Qf5 Bc6 23. Rf1 Rd8 24. Ne1 Bb5 25. Nd3 Bxd3 26. Qxf6+ Bxf6 27. Bxd3 Be5 28. Re1 Bd6 29. Bc4 Ng7 30. Kf2 e5 31. Bd2 Nf5 32. c3 b5 33. Bb3 d3 34. a4 Kg7 35. axb5 Kf6 36. Ra4 Bc5+ 37. Kf3 Nh4+ 38. Kg4 Bf2 39. Bxf4 Ne6 40. Bxe5+ Ke7 41. Rf1 Rg8+ 42. Kh3 Ng5+ 43. Kh2 Ngf3+ 44. gxf3 Nxf3+ 45. Kh1 Rg5 46. Bf6+ Kxf6 47. Rf4+ Rf5 48. Rxf5+ Kxf5 49. Rxf2 1-0

[Event "Milanowek-chA 14th"]
[Site "Milanowek"]
[Date "2008.06.24"]
[Round "4.2"]
[White "Dobrogost, Wojciech"]
[Black "Przybyla, Kamil"]
[Result "0-1"]
[WhiteElo "2126"]
[BlackElo "2145"]
[PlyCount "84"]
[EventDate "2008.06.21"]
[EventType "swiss"]
[EventRounds "7"]
[EventCountry "POL"]
[SourceTitle "EXT 2023"]
[Source "ChessBase"]
[SourceDate "2022.10.05"]
[SourceVersion "1"]
[SourceVersionDate "2022.10.05"]
[SourceQuality "1"]

1. e4 c5 2. Nc3 Nc6 3. f4 g6 4. Nf3 Bg7 5. g3 e6 6. Bg2 d5 7. d3 d4 8. Ne2 e5 9. 0-0 Nge7 10. Nh4 f6 11. fxe5 Nxe5 12. Bf4 0-0 13. Qd2 Nf7 14. Nf3 g5 15. Nxg5 fxg5 16. Bxg5 Bg4 17. Bf6 Bh6 18. Qe1 Qd6 19. h3 Bxe2 20. Qxe2 Ne5 21. Bxe7 Qxe7 22. Rf5 Qg7 23. Kh2 Kh8 24. Raf1 Rg8 25. Qe1 Qc7 26. Rh5 Bf8 27. Qf2 Bd6 28. Qf6+ Qg7 29. Kg1 Qxf6 30. Rxf6 Bc7 31. Rff5 Rxg3 32. Kf2 Rag8 33. Bf1 Re3 34. Be2 b6 35. Rxe5 Bxe5 36. Rxe5 Rf8+ 37. Ke1 Rxh3 38. Bg4 Re3+ 39. Kd2 Rf2+ 40. Kd1 Rg3 41. Ke1 Rxc2 42. Be2 Rg2 0-1